Introduction to the Law of Succession / (Record no. 555)

MARC details
000 -LEADER
fixed length control field 00585nam a22001817a 4500
005 - DATE AND TIME OF INPUT
control field 20231113100052.0
008 - DATA ELEMENTS--GENERAL INFORMATION
fixed length control field 231113b |||||||| |||| 00| 0 eng d
020 ## - INTERNATIONAL STANDARD BOOK NUMBER
International Standard Book Number 0702159115
041 ## - LANGUAGE CODE
Language code of text English
082 ## - SHELF NUMBER
DDC number 346.5 DEW
100 ## - MAIN AUTHOR
Main author's name De Waal, MJ and Schoeman-Malan, MC
Language of a work English
245 ## - TITLE STATEMENT
Title Introduction to the Law of Succession /
Statement of responsibility, etc. MJ De Waal and MC Schoeman-Malan
250 ## - EDITION STATEMENT
Edition statement 3rd Edition
260 ## - PUBLICATION, DISTRIBUTION, ETC.
Place of publication, distribution, etc. Cape Town :
Name of publisher, distributor, etc. Juta and Company Ltd,
Date of publication, distribution, etc. 2003
300 ## - PHYSICAL DESCRIPTION
Other physical details xliv, 257 pages;
Dimensions 25 cm.
650 ## - SUBJECT`
Broad subject Legal practice
Own subject terms Law
942 ## - ADDED ENTRY ELEMENTS (KOHA)
Item type Books
942 ## - ADDED ENTRY ELEMENTS (KOHA)
-- ALISON_BN_VRIES
Holdings
Source of classification or shelving scheme Not for loan Collection code Home library Current library Shelving location Date acquired Full call number Barcode Price effective from Koha item type
Dewey Decimal Classification   TEXT BOOKS LAW SOCIETY OF NAMIBIA LIBRARY - WINDHOEK LAW SOCIETY OF NAMIBIA LIBRARY - WINDHOEK Administration and estates, wills 11/13/2023 346.5 DEW LSN/2004/79 11/13/2023 Books